000 00645nam a2200205 a 4500
001 000044437
005 20201002045355.0
008 140630s1976 sp r 000 0 spa d
020 _a8424934261
040 _aDO-SdBNP
_bspa
_cBNPHU
082 _axxxx
_bxxxx
100 1 _aJenofonte,
_d434?-355 a. de J. C.
_962972
245 1 0 _aAnábasis :
_blibro 1 /
_cJenofonte; traducción literal y literaria José Pérez Riesco.
260 _aMadrid :
_bGredos,
_c1976.
300 _a165 p. ;
_c18 cm.
490 1 _aGredos bilingüe
590 _aInventariado, 2019/BT
700 1 2 _aPérez Riesco, José,
_etr.
_972449
830 0 _aGredos bilingüe
_969472
999 _c43926
_d43926